[Event "IRI-ch U12"]
[Site "Chess.com INT"]
[Date "2021.01.16"]
[Round "4"]
[White "Almasi, Parham"]
[Black "Molai Nasab, Mohamad Matin"]
[Result "0-1"]
[WhiteElo "1138"]
[BlackElo "1535"]
[PlyCount "58"]
[EventDate "2021.01.16"]
[EventType "swiss"]
[EventRounds "11"]
[EventCountry "IRI"]
[SourceTitle "EXT 2022"]
[Source "ChessBase"]
[SourceDate "2021.10.06"]
[SourceVersion "1"]
[SourceVersionDate "2021.10.06"]
[SourceQuality "1"]

1. e4 c5 2. Nf3 d6 3. d4 cxd4 4. Nxd4 Nf6 5. Nc3 g6 6. Nb3 Bg7 7. f3 0-0 8. Be3 Nc6 9. Qd2 a6 10. 0-0-0 b5 11. Ne2 a5 12. Ng3 a4 13. Nd4 Nxd4 14. Bxd4 Be6 15. a3 Rb8 16. Kb1 Qc7 17. Qc3 Qb7 18. Qb4 Rfc8 19. Bc3 Qc6 20. Qd4 Ne8 21. Qe3 Bxc3 22. bxc3 Qxc3 23. Qxc3 Rxc3 24. Ne2 Rxa3 25. Kb2 Ra2+ 26. Kc1 b4 27. Nd4 Ra1+ 28. Kb2 Rxd1 29. Nc6 a3# 0-1

[Event "IRI-ch U12"]
[Site "Chess.com INT"]
[Date "2021.01.16"]
[Round "10"]
[White "Yadegar, Radin"]
[Black "Molai Nasab, Mohamad Matin"]
[Result "1-0"]
[WhiteElo "1953"]
[BlackElo "1535"]
[PlyCount "51"]
[EventDate "2021.01.16"]
[EventType "swiss"]
[EventRounds "11"]
[EventCountry "IRI"]
[SourceTitle "EXT 2022"]
[Source "ChessBase"]
[SourceDate "2021.10.06"]
[SourceVersion "1"]
[SourceVersionDate "2021.10.06"]
[SourceQuality "1"]

1. d4 Nf6 2. c4 e6 3. Nc3 d5 4. cxd5 exd5 5. Bg5 Nbd7 6. e3 Be7 7. Qc2 0-0 8. Bd3 Re8 9. Nf3 c6 10. 0-0 h6 11. Bf4 Nh5 12. Nxd5 Nxf4 13. Nxf4 Nf6 14. Ne2 Be6 15. Ne5 Rc8 16. Nf4 Bd6 17. Nxe6 Rxe6 18. Bc4 Re7 19. Rfd1 Qc7 20. Nf3 Rce8 21. Bd3 Ne4 22. g3 Qd7 23. Ne5 Bxe5 24. dxe5 Rxe5 25. Bxe4 Qe7 26. Bg2 1-0